000 00860nam a2200205 a 4500
999 _c9073
_d9073
001 9073
003 BD-JhCC
005 20180308112910.0
008 180308s19801981bg |||| ||a| 000 0 ben d
035 _a(BD-JhCC)9073
040 _aBD-JhCC
_dBD-JhCC
041 _aben
082 _a342
_bSEN 1980
245 _aশাসন-ব্যবস্থা :
_bব্রিটেন, মার্কিন যুক্তরাষ্ট্র ও সোবিয়েত ইউনিয়নের শাসন ব্যবস্থা এবং সম্মিলিত জাতিপুঞ্জ /
_cঅরুনকুমার সেন [et...all]
260 _aকলকাতা:
_bনিউ সেন্ট্রাল বুক এজেন্সী,
_c1980.
300 _aVerius P. :
_c22 cm.
650 _aBritish Law
942 _2ddc
_cBK